Rhetoric and human understanding. / (Record no. 10086)

MARC details
000 -LEADER
fixed length control field 01494nam a2200337 a 4500
001 - CONTROL NUMBER
control field 3496518
003 - CONTROL NUMBER IDENTIFIER
control field OSt
005 - DATE AND TIME OF LATEST TRANSACTION
control field 20231006101547.0
008 - FIXED-LENGTH DATA ELEMENTS--GENERAL INFORMATION
fixed length control field 940310s1994 ilu b 001 0 eng d
010 ## - LIBRARY OF CONGRESS CONTROL NUMBER
LC control number 94184806
020 ## - INTERNATIONAL STANDARD BOOK NUMBER
International Standard Book Number 0881337757 :
Terms of availability $13.95
035 ## - SYSTEM CONTROL NUMBER
System control number (OCoLC)29942752
040 ## - CATALOGING SOURCE
Original cataloging agency WIUC - GH
Transcribing agency WIUC - GH
Modifying agency DLC
042 ## - AUTHENTICATION CODE
Authentication code lccopycat
050 04 - LIBRARY OF CONGRESS CALL NUMBER
Classification number P301
Item number .G5
100 1# - MAIN ENTRY--PERSONAL NAME
Personal name Gill, Ann.
9 (RLIN) 2490
245 10 - TITLE STATEMENT
Title Rhetoric and human understanding. /
Statement of responsibility, etc. Ann Gill.
260 ## - PUBLICATION, DISTRIBUTION, ETC.
Place of publication, distribution, etc. Prospect Heights, Ill. :
Name of publisher, distributor, etc. Waveland Press,
Date of publication, distribution, etc. 1994.
300 ## - PHYSICAL DESCRIPTION
Extent vi, 265 p. ;
Dimensions 23 cm.
504 ## - BIBLIOGRAPHY, ETC. NOTE
Bibliography, etc. note Includes bibliographical references and index.
505 ## - FORMATTED CONTENTS NOTE
Formatted contents note Contents: Part One: The signifying animal: Signs and symbols -- Language -- Rhetoric -- Meaning -- Part two: The mythological mind : Oral traditions -- Word magic -- Part Three: The modern western mind: The beginnings of the western mind -- Evolution of the western mind -- The rational paradigm -- Part IV: Challenges to the rational paradigm -- Contemporary theories of discourse -- Postmodernism -- Voice -- A rhetorical point of view.
650 #0 - SUBJECT ADDED ENTRY--TOPICAL TERM
Topical term or geographic name entry element Rhetoric.
9 (RLIN) 2021
650 #0 - SUBJECT ADDED ENTRY--TOPICAL TERM
Topical term or geographic name entry element Semiotics.
9 (RLIN) 2491
650 #0 - SUBJECT ADDED ENTRY--TOPICAL TERM
Topical term or geographic name entry element Linguistics.
9 (RLIN) 2492
650 #0 - SUBJECT ADDED ENTRY--TOPICAL TERM
Topical term or geographic name entry element Oral tradition.
9 (RLIN) 2493
650 #0 - SUBJECT ADDED ENTRY--TOPICAL TERM
Topical term or geographic name entry element Civilization, Western.
9 (RLIN) 2494
650 #0 - SUBJECT ADDED ENTRY--TOPICAL TERM
Topical term or geographic name entry element Civilization, Modern
Chronological subdivision 20th century.
9 (RLIN) 2495
906 ## - LOCAL DATA ELEMENT F, LDF (RLIN)
a 7
b cbc
c copycat
d 3
e ncip
f 19
g y-gencatlg
942 ## - ADDED ENTRY ELEMENTS (KOHA)
Source of classification or shelving scheme Library of Congress Classification
Koha item type Books
Holdings
Withdrawn status Lost status Source of classification or shelving scheme Damaged status Not for loan Home library Current library Shelving location Date acquired Full call number Barcode Date last seen Price effective from Koha item type
    Library of Congress Classification     WISCONSIN INTERNATIONAL UNIVERSITY COLLEGE, GHANA KUMASI LIBRARY WISCONSIN INTERNATIONAL UNIVERSITY COLLEGE, GHANA KUMASI LIBRARY General Stacks 10/10/2023 P301.G5 K/3063/0161/23 06/10/2023 06/10/2023 Books

If you have any concerns or questions; kindly contact the library


© Powered by WIUC ICT DIRECTORATE